00877cam a2200265 i 45000010008000000030004000080050017000120080041000290100017000700200015000870200038001020200045001400400018001850500024002030820017002271000029002442450032002732500012003052600074003173000020003919060045004119420015004569990017004719520123004884663598OSt20160810094842.0801007t19811979nyu 000 0 eng  a 80025312  a0865790086 a0394518047 (Grove Press) :c$9.95 a0394178823 (Grove Press : pbk.) :c$4.95 aDLCcDLCdDLC00aPR6057.R33bS7 198100a822/.9142191 aGray, Simon,d1936-2008.10aStage struck /cSimon Gray. a1st ed. aNew York :bSeaver Books :bdistributed by Grove Press,c1981, c1979. a53 p. ;c22 cm. a7bcbccorignewdueocipf19gy-gencatlg 2lcccBOOKS c13215d13215 00102lcc4070aMUCbMUCcGENd2016-08-10eDonation(BFA)l0oPR 6057.R33S7 1981p24761r2016-08-10w2016-08-10yBOOKS